| 000 | 00477nam a2200169Ia 4500 | ||
|---|---|---|---|
| 005 | 20250923144655.0 | ||
| 008 | 008 250917s9999 xx 000 0 eng d | ||
| 037 | _aTextual | ||
| 040 |
_aDSWL _beng _cDSWL |
||
| 041 |
_aeng _2eng |
||
| 084 | _qDSWL | ||
| 245 | 0 |
_aReport of the working group on panchayat _cbyIndia Community Development & Co-operation |
|
| 260 |
_aNew Delhi _bGoverment of India _c1959 |
||
| 300 | _a52p. | ||
| 942 | _cTEXL | ||
| 999 |
_c1441891 _d1441891 |
||